000 00285nam a22001217a 4500
020 _a81-8388-317-6
082 _a000
_bSPI/P
100 _aSPIDER BOOKS
245 _aMY PRE-SCHOOL BOOK OF PEOPLE AT WORK
260 _aCHENNAI
_bSPIDER BOOKS
650 _aPICTURE BOOK
_zINDIA
942 _cBK
999 _c4656
_d4656